Countries With Nine Letters - Statistics

General Stats
  • This quiz has been taken 725 times
    715 since last reset
  • The average score is 9 of 13
Answer Stats
Hint Answer % Correct
South America Argentina
93%
South America Venezuela
90%
Oceania Australia
85%
North America Guatemala
84%
North America Nicaragua
84%
Europe Lithuania
77%
Asia Indonesia
75%
North America Costa Rica
73%
Africa Mauritius
61%
Africa Cape Verde
54%
Europe San Marino
53%
Asia Singapore
52%
Asia Timor Leste
52%
No matching quizzes found
Score Distribution
Percent of People with Each Score
Percentile by Number Answered
Your Score History
You have not taken this quiz since the last reset